| 000 | 00850nam a2200241 i 4500 | ||
|---|---|---|---|
| 003 | DO-SdBNP | ||
| 005 | 20231009080445.0 | ||
| 006 | a||||gr|||| 00| 0 | ||
| 007 | ta | ||
| 008 | 231006e2012 gt ||||| |||| 00| f spa d | ||
| 020 | _a9789929552616 | ||
| 040 |
_aDO-SdBNP _bspa _cBNPHU _erda |
||
| 082 | 4 |
_222 _bA859h |
|
| 100 | 1 |
_aAsturias, Miguel Ángel, _e1899-1974 |
|
| 245 | 1 | 0 |
_aHombres de maíz _cMiguel Ángel Asturias; cuidado de la edición, José Luis Perdomo Orellana y Raúl Figueroa Sarti |
| 264 | 1 |
_aGuatemala, _bF&G Editores, _c2012 |
|
| 500 | _aIncluye datos biográficos del autor en las solapas de las cubiertas. | ||
| 586 | _aPremio Nobel de Literatura, 1967 | ||
| 590 | _aInventariado 2023 / MF | ||
| 700 | 1 |
_aPerdomo Orellana, José Luis, _eeditor _969116 |
|
| 700 | 1 |
_aFigueroa Sarti, Raúl, _eeditor _984406 |
|
| 942 |
_2ddc _cLBS1 |
||
| 999 |
_c55104 _d55104 |
||